[Event "Titled Tuesday intern op 04th Oct Late"]
[Site "Chess.com INT"]
[Date "2022.10.04"]
[Round "1"]
[White "Krasnov, Andrew"]
[Black "Atanasov, Anthony"]
[Result "0-1"]
[WhiteElo "2287"]
[BlackElo "2148"]
[PlyCount "48"]
[EventDate "2022.10.04"]
[EventType "swiss (blitz)"]
[EventRounds "11"]
[EventCountry "USA"]
[SourceTitle "EXT 2023"]
[Source "ChessBase"]
[SourceDate "2022.10.05"]
[SourceVersion "1"]
[SourceVersionDate "2022.10.05"]
[SourceQuality "1"]

1. e4 e5 2. Nf3 Nf6 3. Nxe5 d6 4. Nf3 Nxe4 5. d3 Nf6 6. d4 g6 7. Bd3 Bg7 8. h3 0-0 9. 0-0 c5 10. Nc3 Nc6 11. Be3 Re8 12. dxc5 d5 13. Bb5 Ne4 14. Nxd5 Be6 15. c4 Bxb2 16. Rb1 Nc3 17. Qd2 Nxb1 18. Qxb2 a6 19. Bxc6 bxc6 20. Nf6+ Kf8 21. Nxe8 Qxe8 22. Qh8+ Ke7 23. Bg5+ Kd7 24. Rd1+ Kc7 0-1

[Event "Titled Tuesday intern op 02nd Aug Late"]
[Site "Chess.com INT"]
[Date "2022.08.02"]
[Round "8"]
[White "Ferreira, Vitor Hugo Vieira"]
[Black "Krasnov, Andrew"]
[Result "1-0"]
[WhiteElo "2128"]
[BlackElo "2287"]
[PlyCount "79"]
[EventDate "2022.08.02"]
[EventType "swiss (blitz)"]
[EventRounds "11"]
[EventCountry "USA"]
[SourceTitle "EXT 2023"]
[Source "ChessBase"]
[SourceDate "2022.10.05"]
[SourceVersion "1"]
[SourceVersionDate "2022.10.05"]
[SourceQuality "1"]

1. e4 c5 2. Nf3 Nc6 3. d4 cxd4 4. Nxd4 Nf6 5. Nc3 e5 6. Ndb5 d6 7. Bg5 a6 8. Na3 b5 9. Nd5 Be6 10. c3 Be7 11. Nxe7 Qxe7 12. Qf3 Rd8 13. Nc2 h6 14. Bxf6 Qxf6 15. Qxf6 gxf6 16. a4 bxa4 17. Bxa6 Bb3 18. Ne3 Rb8 19. 0-0 Na5 20. Nf5 Rb6 21. Bb5+ Kd8 22. Bxa4 Bc4 23. Rfd1 Rxb2 24. Nxd6 Be2 25. Nxf7+ Ke7 26. Nxh8 Bxd1 27. Rxd1 Nc4 28. g3 Nd2 29. Ng6+ Kf7 30. Nh4 Nxe4 31. Rd7+ Ke6 32. Rh7 Nxf2 33. Bd7+ Kd5 34. Rxh6 Ne4 35. Bf5 Rb1+ 36. Kg2 Rb2+ 37. Kf1 Nxc3 38. Rxf6 e4 39. Rf8 Rg2 40. Nxg2 1-0

[Event "Titled Tuesday intern op 02nd Aug Late"]
[Site "Chess.com INT"]
[Date "2022.08.02"]
[Round "5"]
[White "Fonseca Manrique, Enrique"]
[Black "Krasnov, Andrew"]
[Result "1-0"]
[WhiteElo "2169"]
[BlackElo "2287"]
[PlyCount "103"]
[EventDate "2022.08.02"]
[EventType "swiss (blitz)"]
[EventRounds "11"]
[EventCountry "USA"]
[SourceTitle "EXT 2023"]
[Source "ChessBase"]
[SourceDate "2022.10.05"]
[SourceVersion "1"]
[SourceVersionDate "2022.10.05"]
[SourceQuality "1"]

1. e4 c5 2. Nc3 Nc6 3. f4 g6 4. Nf3 Bg7 5. Bb5 Nd4 6. a4 e6 7. 0-0 Ne7 8. d3 a6 9. Bc4 d5 10. Ba2 b5 11. exd5 Nxd5 12. Nxd5 exd5 13. c3 Nxf3+ 14. Qxf3 Be6 15. f5 gxf5 16. Bf4 0-0 17. Rfe1 b4 18. Qg3 Qf6 19. Bd6 Rfc8 20. Be5 Qg6 21. Qf3 bxc3 22. bxc3 c4 23. d4 Bxe5 24. Rxe5 Rab8 25. Rae1 Rb2 26. Bb1 Qg4 27. Bxf5 Qxf3 28. gxf3 Bxf5 29. Rxf5 Rc2 30. Re7 Rf8 31. Rg5+ Kh8 32. Re3 Rg8 33. Rg3 f5 34. f4 Rxg3+ 35. hxg3 Ra2 36. Re5 Rxa4 37. Rxd5 Ra3 38. Rxf5 Rxc3 39. Kf2 Rd3 40. Ra5 Rxd4 41. Rxa6 Kg7 42. Rc6 h5 43. Kf3 Rd3+ 44. Kf2 c3 45. Kg2 Rd2+ 46. Kh3 c2 47. Kh4 Rh2+ 48. Kg5 Rg2 49. Rc7+ Kf8 50. Kf6 Ke8 51. f5 Kd8 52. Rc3 1-0

[Event "Titled Tuesday intern op 02nd Aug Late"]
[Site "Chess.com INT"]
[Date "2022.08.02"]
[Round "10"]
[White "Zhurbinsky, David J"]
[Black "Krasnov, Andrew"]
[Result "1-0"]
[WhiteElo "1996"]
[BlackElo "2287"]
[PlyCount "49"]
[EventDate "2022.08.02"]
[EventType "swiss (blitz)"]
[EventRounds "11"]
[EventCountry "USA"]
[SourceTitle "EXT 2023"]
[Source "ChessBase"]
[SourceDate "2022.10.05"]
[SourceVersion "1"]
[SourceVersionDate "2022.10.05"]
[SourceQuality "1"]

1. e4 c5 2. Nf3 Nc6 3. c4 e5 4. Nc3 Nf6 5. Be2 d6 6. a3 h6 7. Rb1 a5 8. 0-0 g5 9. h3 Be6 10. d3 Be7 11. Nh2 Nd4 12. Be3 Qd7 13. b4 axb4 14. axb4 cxb4 15. Bxd4 exd4 16. Nb5 h5 17. Nxd4 g4 18. h4 Qa4 19. Qd2 Nd7 20. Rxb4 Qa5 21. Nb3 Qa2 22. Ra1 Qxa1+ 23. Nxa1 Rxa1+ 24. Nf1 Nc5 25. Qc3 1-0

[Event "Moscow Aeroflot op-C"]
[Site "Moscow"]
[Date "2006.02.14"]
[Round "8"]
[White "Krasnov, Andrew"]
[Black "Zilbert, Oleg"]
[Result "0-1"]
[WhiteElo "2300"]
[BlackElo "2354"]
[PlyCount "92"]
[EventDate "2006.02.07"]
[EventType "swiss"]
[EventRounds "9"]
[EventCountry "RUS"]
[SourceTitle "EXT 2007"]
[Source "ChessBase"]
[SourceDate "2006.11.23"]
[SourceVersion "1"]
[SourceVersionDate "2006.11.23"]
[SourceQuality "1"]

1. e4 e5 2. Nf3 Nc6 3. Bb5 a6 4. Ba4 d6 5. Bxc6+ bxc6 6. d4 f6 7. 0-0 g6 8. c3 Bd7 9. Qb3 Qb8 10. Qc2 Nh6 11. dxe5 fxe5 12. Bg5 Bg7 13. Nbd2 Nf7 14. Nc4 a5 15. Rad1 a4 16. Ne3 h6 17. Bh4 g5 18. Bg3 Bf6 19. Rfe1 Qd8 20. Nd2 h5 21. f3 Nh6 22. c4 c5 23. Nd5 c6 24. Ne3 Be7 25. Bf2 g4 26. Nf5 Nxf5 27. exf5 0-0 28. fxg4 hxg4 29. f6 Rxf6 30. Ne4 Re6 31. Rd3 Qc7 32. Rg3 Rg6 33. Nxc5 Be8 34. Ne4 Qd7 35. Rd3 Qe6 36. Bg3 Bf7 37. Rc3 Rh6 38. c5 d5 39. Nd6 e4 40. Nxe4 Bg6 41. Nd2 Qxe1+ 42. Bxe1 Bxc2 43. Rxc2 Rb8 44. Bf2 Bf6 45. b3 Bg5 46. bxa4 Bxd2 0-1

[Event "Moscow Aeroflot op-C"]
[Site "Moscow"]
[Date "2006.02.13"]
[Round "7"]
[White "Rodin, Mihail"]
[Black "Krasnov, Andrew"]
[Result "1-0"]
[WhiteElo "2357"]
[BlackElo "2300"]
[PlyCount "71"]
[EventDate "2006.02.07"]
[EventType "swiss"]
[EventRounds "9"]
[EventCountry "RUS"]
[SourceTitle "EXT 2007"]
[Source "ChessBase"]
[SourceDate "2006.11.23"]
[SourceVersion "1"]
[SourceVersionDate "2006.11.23"]
[SourceQuality "1"]

1. e4 d6 2. d4 Nf6 3. Nc3 c6 4. a4 g6 5. g3 Bg7 6. Bg2 0-0 7. Nge2 e5 8. h3 exd4 9. Nxd4 d5 10. exd5 Nxd5 11. Nxd5 cxd5 12. 0-0 Nc6 13. Be3 Re8 14. Qd2 Bd7 15. Rfe1 Rc8 16. Nxc6 bxc6 17. c3 Be6 18. Bxa7 c5 19. a5 d4 20. cxd4 Bxd4 21. Rad1 Qf6 22. Qf4 Qxf4 23. gxf4 Bxb2 24. Bb7 Bc3 25. Re3 Bxa5 26. Bxc8 Rxc8 27. Ra3 Bb4 28. Rad3 Kg7 29. Rd8 Rxd8 30. Rxd8 Bxh3 31. Rd6 Be6 32. Rc6 c4 33. Bd4+ Kh6 34. Kh2 Bd2 35. Kg3 g5 36. f5 1-0

[Event "Oz.com qual blitz"]
[Site "ICC INT"]
[Date "2000.03.05"]
[Round "8"]
[White "Krasnov, Andrew"]
[Black "Mohr, Georg"]
[Result "1-0"]
[WhiteElo "2287"]
[BlackElo "2488"]
[PlyCount "51"]
[EventDate "2000.03.05"]
[EventType "swiss (blitz)"]
[EventRounds "9"]
[EventCountry "USA"]
[SourceTitle "EXT 2001"]
[Source "ChessBase"]
[SourceDate "2000.11.22"]
[SourceVersion "1"]
[SourceVersionDate "2000.11.22"]
[SourceQuality "1"]

1. e4 c5 2. Nf3 Nc6 3. d4 cxd4 4. Nxd4 Nf6 5. Nc3 e5 6. Ndb5 d6 7. Bg5 a6 8. Na3 b5 9. Nd5 Be7 10. Bxf6 Bxf6 11. c3 Ne7 12. Nxf6+ gxf6 13. Bd3 Bb7 14. Qh5 d5 15. 0-0-0 Qb6 16. exd5 Bxd5 17. Nc2 Bxa2 18. f4 exf4 19. Rhe1 Be6 20. Bf5 Bxf5 21. Qxf5 Kf8 22. Qe4 Ra7 23. Qxf4 Kg7 24. Rd6 Qc7 25. Qxf6+ Kg8 26. Rxe7 1-0